Movies Quiz

Random Movies or Role Quiz

'M' Movie Characters Quiz Stats

 Plays Quiz Updated Aug 31, 2015

Challenge
Share
Tweet
Score 0/20 Timer 05:00
11 Plays Today
picture name % Correct
Mary Poppins (Mary Poppins)
96.4%
Marty McFly (Back to the Future)
93.1%
Moses (Ten Commandments)
85.4%
Mike Wazowski (Monsters Inc.)
80.6%
Matilda Wormwood (Matilda)
79.7%
Mini-Me (Austin Powers: The Spy...)
79.1%
Magneto (X-Men: The Last Stand)
70.8%
Malcolm X (Malcolm X)
65.2%
Maximus (Gladiator)
63.4%
Morpheus (The Matrix)
57.8%
picture name % Correct
Marlin (Finding Nemo)
56.8%
Minerva McGonagall (Harry Potter)
53%
Mable 'Madea' Simmons (Madea's Witness Protection)
47.5%
March Hare (Alice in Wonderland)
35%
Marge Gunderson (Fargo)
34.9%
Mia Wallace (Pulp Fiction)
31.8%
Maria (West Side Story)
29.8%
Miranda Priestley (The Devil Wears Prada)
28.5%
Marv (Sin City)
25.6%
Marla Singer (Fight Club)
17.2%

You're not logged in!

Compare scores with friends on all Sporcle quizzes.
OR
Log In

You Might Also Like...

Show Comments

Extras

Top Quizzes Today


Score Distribution

Your Account Isn't Verified!

In order to create a playlist on Sporcle, you need to verify the email address you used during registration. Go to your Sporcle Settings to finish the process.

Report this User

Report this user for behavior that violates our Community Guidelines.

Details: